000 00239nam a22001097a 4500
020 _a9789327224542
082 _a576
_bSIN/MI
100 _aSingh, R.P
245 _aMicrobiology
260 _aLudhiana
_bKalyani Publishers
_c2004
942 _cBK
999 _c13911
_d13911